000 00693cam a22002418a 4500
005 20131016044757.0
008 890329s1989 enk b 001 0 eng d
020 _a0713165197
041 1 _aeng
080 _a32
100 1 _aAlter, Peter.
240 1 0 _aNationalism
_lEnglish
245 1 0 _aNationalism /
_cPeter Alter ; translated by Stuart McKinnon-Evans.
260 _aLondon ;
_aNew York :
_bEdward Arnold,
_c1989.
300 _aiv, 172 p. ;
_c22 cm.
500 _aPreface f. :[I] - 3
500 _aIncludes index.
500 _aTranslation of: Nationalismus.
504 _aBibliography p. [153]-163.
650 0 _aNacionalizmi
650 0 _2Politika botërore
942 _2udc
_cBK
999 _c118
_d118